000 00571nam a2200229Ia 4500
003 OSt
005 20221005123743.0
006 a|||||r|||| 00| 0
007 ta
008 221004b |||||||| |||| 00| 0 eng d
024 _a58279
037 _cTextual
040 _aCRL
_cCRL
_beng
041 _2eng
_aeng
082 _aV2:25wM69z7, H8
100 _aPolak H S L, etc.
_9634170
245 0 _aMahatma Gandhi, etc.
260 _c1948
650 _aHISTORY
942 _hV2:25wM69z7, H8
_cTEXL
_2cc
999 _c1048374
_d1048374